Statistics for भारतीय राज्यके राजधानी नगर

Click here to take the quiz!

General Stats

  • This quiz has been taken 2 times
  • The average score is 7 of 28

Answer Stats

राज्यराजधानी% Correct
आंध्र प्रदेशहैदराबाद / अमरावती
100%
तेलंगानाहैदराबाद
100%
हिमाचल प्रदेशशिमला
50%
तमिनाडुचेन्नई
50%
राजस्थानजयपुर
50%
नागालैंडकोहिमा
50%
कर्नाटकबेंगलुरु
50%
महाराष्ट्रमुंबई
50%
पश्चिम बंगालकोलकाता
50%
आसामदिसपुर
50%
छत्तीसगढ़रायपुर
50%
ओड़िशाभुवनेश्वर
0%
उत्तराखंडदेहरादून
0%
उत्तर प्रदेशलखनऊ
0%
त्रिपुराअगरतला
0%
बिहारपटना
0%
सिक्किमगंगटोक
0%
पंजाब | हरियाणाचंडीगढ़
0%
झारखंडरांची
0%
मिजोरमअइज़ोल
0%
मेघालयशिलांग
0%
मणिपुरइंफाल
0%
अरुणाचल प्रदेशइतनागर
0%
मध्य प्रदेशभोपाल
0%
केरलतिरुवनन्तपुरम
0%
गुजरातगांधीनगर
0%
गोवापणजी
0%

Score Distribution

Percentile by Number Answered

Percent of People with Each Score

Your Score History

You have not taken this quiz